Statistics for Musical group by European country

Click here to take the quiz!

General Stats

  • This quiz has been taken 11 times
  • The average score is 12 of 33

Answer Stats

HintAnswer% Correct
Τρύπες (Trypes)Greece
100%
Už Jsme DomaCzech Republic
80%
Диалог (Dialog)Ukraine
80%
Молчат Дома (Molchat Doma)Belarus
70%
GrobschnittGermany
70%
Падот на Византија (Padot na Vizantija)North Macedonia
60%
Arbete och FritidSweden
60%
Univers ZeroBelgium
50%
Tasavallan PresidenttiFinland
50%
Latte e MieleItaly
50%
VisageUnited Kingdom
50%
Ахат (Ahat)Bulgaria
40%
JumpravaLatvia
40%
Gândul MâțeiMoldova
40%
PredmestjeSlovenia
40%
Burnin' Red IvanhoeDenmark
30%
GjurmëtKosovo
30%
Erben den SchöpfungLiechtenstein
30%
KayakNetherlands
30%
WeidorjeFrance
20%
Locomotiv GTHungary
20%
Garbanotas BosistasLithuania
20%
AstroburgerNorway
20%
Celelalte CuvinteRomania
20%
TrianaSpain
20%
Débile MentholSwitzerland
20%
Eela CraigAustria
10%
Let 3Croatia
10%
Agent MEstonia
10%
Mutiny on the Bounty (MOTB)Luxembourg
10%
SBBPoland
10%
KerberSerbia
10%
Collegium MusicumSlovakia
10%

Score Distribution

Percentile by Number Answered

Percent of People with Each Score

Your Score History

You have not taken this quiz